00414nam a2200157Ia 4500008004100000020000700041082001500048100001800063245001800081250000700099260003900106300002700145500002700172600003300199650002400232240925s9999 xx 000 0 und d aNA a796.44 LIN aLindwall, Ray 0aFlying Stumps aNA aLondon:bStanley Paul & Coc,1954. a1328p.bN.AfPhotocopy aIncludes list of books aHumanities & Natural Science aArts and Recreation